| 000 | 02156cam a2200241 4500 | ||
|---|---|---|---|
| 001 | 7642 | ||
| 005 | 20181127184035.0 | ||
| 008 | 010926s2002 nyua b 001 0 eng | ||
| 010 | _a 2001046902 | ||
| 020 | _a0716752220 | ||
| 082 | 0 | 0 |
_a302.5/4 _221 |
| 100 | 1 | _aMoghaddam, Fathali M. | |
| 245 | 1 | 4 |
_aThe individual and society : _ba cultural integration / _cFathali M. Moghaddam. |
| 260 |
_aNew York : _bWorth Publishers, _cc2002. |
||
| 300 |
_axiv, 242 p. : _bill. ; _c24 cm. |
||
| 504 | _aIncludes bibliographical references and indexes. | ||
| 505 |
_aToward an integrated account of the individual and society; the King Is dead, long live the King; rights and duties; social class and American exceptionalism; why peace?; gender relations; romantic love; personality intelligence - - static and fluid; memory; human development; eating disorders; depression; Alzheimer's Disease sufferers. _g _r _t |
||
| 520 | _aHow is it that individuals grow up to be independent beings with private thoughts and feelings, yet also become integral parts of a continuous collective life? This book explores the fascinating relationship between the individual and society through a multi- disciplinary approach, drawing from research in social psychology, sociology, political science, anthropology, cultural psychology, neuroscience, and cognitive psychology. The concept of carriers, such as flags and other means by which styles of behavior are socially manufactured, individually appropriated, and collectively passed on from generation to generation, is introduced to explain the merging of individuals in society, and the penetration of the social into all aspects of behaviour. The multi-disciplinary approach is matched by the breadth of the topics discussed, from romantic love, personality, intelligence, memory, eating disorders, depression, and Alzheimer's disease, to more macro level topics of revolutions, human rights and duties, social class, gender, and collective aggression | ||
| 650 | 0 | _aIndividuation (Philosophy) | |
| 650 | 0 | _aSocial integration. | |
| 650 | 0 | _aSocial psychology. | |
| 999 |
_c6548 _d6548 |
||